Normal view
MARC view
Entry Personal Name
001 - CONTROL NUMBER
- control field: 37832
003 - CONTROL NUMBER IDENTIFIER
- control field: OSt
005 - DATE AND TIME OF LATEST TRANSACTION
- control field: 20230424132624.0
008 - FIXED-LENGTH DATA ELEMENTS
- fixed length control field: 230424|| aca||aabn | a|a d
040 ## - CATALOGING SOURCE
- Original cataloging agency: OSt
- Transcribing agency: OSt
100 ## - HEADING--PERSONAL NAME
- Personal name: Torfinga, J., Bentzen, T.O. and Winsvold, M.S.
670 ## - SOURCE DATA FOUND
- Source citation: Work cat.: (OSt)521902: Torfinga, J., Bentzen, T.O. and Winsvold, M.S. , How institutional designs condition perceived local political leadership
